| 000 | 00738 a2200229 4500 | ||
|---|---|---|---|
| 005 | 20260317115306.0 | ||
| 020 | _a9781138595408 | ||
| 050 |
_aRA1148 _bDEM 2020 |
||
| 100 |
_aDamatteo,David _eauthor |
||
| 245 |
_aBecoming a Forensic Psychologist / _cDavid Dematteo ,Jaymes Fairfax-Columbo and Alisha Desai |
||
| 264 |
_aNew York : _bRoutledge, _c2020 |
||
| 300 |
_a206 pages _billustrations |
||
| 336 |
_2rdacontent _atext _btxt |
||
| 337 |
_2rdacontent _avolume _bn |
||
| 338 |
_2rdacarrier _avolume _bnc |
||
| 500 | _aincludes table of contents | ||
| 650 | _aforensic psychologist | ||
| 700 |
_aDematteo David _eauthor |
||
| 700 |
_aColumbo Jaymes Fairfax _eauthor |
||
| 700 |
_aDesai Alisha _eauthor |
||
| 942 |
_2lcc _cBK _h1148 _iDEM _kRA |
||
| 999 |
_c11736 _d11736 |
||